Prénom en commun #2 - Jean - Statistiques

Statistiques générales
  • Ce quiz a été pris 297 fois
  • Le résultat moyen est 9 sur 18
Statistiques - réponses
Indice Prénom Nom % Correct
Acteur français, interprête de Brice de Nice, oscarisé pour The Artist. Jean Dujardin
99%
Poète français de grande renommée, principalement pour ses Fables. Jean De La Fontaine
94%
Acteur français jouant dans Léon, Les Visiteurs, Godzilla, Da Vinci Code,... Jean Reno
88%
Un des personnage central du cycle des Misérables, de Victor Hugo. Jean Valjean
84%
Premier ministre français à partir du 3 juillet 2020. Jean Castex
80%
Haut fonctionnaire français, considéré comme l'un des principaux héros de la résistance. Jean Moulin
78%
Acteur français décédé en 1976 incarnant la plupart du temps des rôles de truands ou de policiers. Jean Gabin
56%
L'un des trois dramaturges majeurs, avec Corneille et Molière, de la période classique en France. Jean Racine
55%
Homme politique français, co-fondateur du Parti socialiste, à fondé et dirigé le quotidien L'Humanité. Jean Jaurès
48%
Acteur français qui interprète Fantômas dans la trilogie des années 60. Jean Marais
45%
Pilote automobile français du championnat du monde de Formule 1, aux une victoire et 32 podiums. Jean Alesi
41%
Footballeur international français à la retraite, évoluant à Bordeaux dans les années 80. Jean Tigana
37%
Roi de France de 1350 à 1364, sous lequel apparut les premier 'francs' (monnaie). Jean II "Le Bon"
32%
Personnage interprèté par Gérard Depardieu dans le film éponyme de 1986. Jean De Florette
30%
Architecte français contemporain de renommée internationale. Jean Nouvel
30%
Acteur et figure du cinéma français, il jouera dans 113 films et 37 téléfilms. Jean Rochefort
27%
Scénariste belge de Thorgal, XIII, et Largo Winch. Jean Van Hamme
10%
Enseignant et homme politique français, il est l'un des fondateurs de la Ligue de l'enseignement. Jean Macé
6%
Aucun quiz correspondant
Distribution des résultats
% des personnes avec chaque résultat
Percentile par nombre de réponses
Votre historique - résultats
Vous n’avez pas pris ce quiz